000 03330nam a22003497a 4500
001 TZ 0026
003 gtcocun
005 20251006172045.0
006 a||||gr|||| 00| 0
007 ta
008 251006b2005 gt ||||| m||| 00| 0 eng d
040 _agtcocun
_bSPA
_cgtcocun
_eRDA
041 _aSPA TZ 0026
084 _0TZ 0026
100 _aMorán Ical, Aníbal Norberto
_eAutor
245 _aCARACTERIZACIÓN DE EXPLOTACIONES APICOLAS Y MELIPONARIOS EN QUINCE COMUNIDADES UBICADAS EN EL MUNICIPIO DE SAN CRISTÓBAL VERAPAZ, DEL DEPARTAMENTO DE ALTA VERAPAZ.
_cAníbal Norberto Morán Ical.
_hImpreso
264 _aCobán, Alta Verapaz:
_bUniversidad de San Carlos de Guatemala, Centro Universitario del Norte,
300 _a49 p.:
_bIlustraciones, gráficas.
_c28 cm;
336 _2rdacontenido
_aTexto
_btxt
337 _2rdamedio
_aComputadora
_bn
338 _2rdasoporte
_aCódigo en línea
_bcr
502 _eTZ 0026
502 _aTesis de grado
_bZootecnia,
_cUniversidad de San Carlos de Guatemala, Centro Universitario del Norte, Zootecnia
_d2005
_oTZ 0026
520 1 4 _aEs preocupante el panorama obtenido: tanto la apicultura como la meliponicultura, practicadas en el área de estudio, no cuentan con el apoyo de instituciones (OG’s y ONG’s) afines a este tipo de producción pecuaria. La producción anual de miel común a nivel municipal es de 1,029.5 Kilogramos. El promedio del estrato uno y dos es de 12.5±2 y 21±7 kilogramos respectivamente; por lo que, ambos estratos están por debajo del promedio nacional de producción de miel colmena por año (27.27 kilogramos). De lo anterior, se establece la urgencia de la transferencia de conocimientos técnicos, sobre todo para los productores del estrato uno (1-10 colmenas), ya que estos en su mayoría trabajan con conocimientos empíricos. El volumen municipal de producción de miel de meliponas es de 63.5 kilogramos anuales. Los productores del estrato uno, destinan la miel para consumo familiar y en pequeña cantidad la venden para uso medicinal. El meliponicultor del estrato dos, busca darle valor agregado a la miel, esto es fruto de la capacitación y asistencia técnica recibida. Las limitantes identificadas son: a) Falta de conocimientos técnicos, asistencia técnica y financiera; b) en apicultura se suma el proceso de africanización de las abejas, así como también, la presencia de plagas y enfermedades; c) edad de los productores: es considerada como limitante para el desarrollo de ambos tipos de producción, por no estar involucrada la juventud para darle continuidad, por lo que, tanto la apicultura como la meliponicultura pueden desaparecer. De lo anterior se deriva un árbol de problemas, con la respectiva propuesta de solución, las que se presentan en los anexos 13 y 14.
650 1 4 _2LEMB
_aSan Cristóbal Verapaz, Alta Verapaz.
_xZootecnia
_xPecuaria
_xColmena
_xEmpírico
_xAsistencia técnica
_xMeliponicultura
700 _aLic. Zoot. Edwin Gonzalo Eskenasy Morales
_eAsesor
700 _aLic. Zoot. Julio Antonio Estrada Osorio
700 _aLic. Zoot. Luis Humberto Coronado Yalibat
856 _uhttps://drive.google.com/file/d/199qauRFGeCoi4lIM0rO413-dTFuHTdVt/view
_yPDF
_zUn ejemplar en línea.
942 _2ddc
_cTES
_iTZ 0026
_kClasificación
_n0
_6TZ_0026_000000000000000
999 _c2235
_d2235